Pirates : 3-D thrillers! /. (Record no. 111241)
[ view plain ]
| 000 -LEADER | |
|---|---|
| fixed length control field | 00415nam a2200157 a 4500 |
| 001 - CONTROL NUMBER | |
| control field | 3616 |
| 005 - DATE AND TIME OF LATEST TRANSACTION | |
| control field | 20140414131911.0 |
| 008 - FIXED-LENGTH DATA ELEMENTS--GENERAL INFORMATION | |
| fixed length control field | 040719s19uu xx 00 eng d |
| 050 ## - LIBRARY OF CONGRESS CALL NUMBER | |
| Classification number | M 364.1 |
| Item number | H24 2007 |
| 100 ## - MAIN ENTRY--PERSONAL NAME | |
| Personal name | Harrison, Paul |
| 245 ## - TITLE STATEMENT | |
| Title | Pirates : 3-D thrillers! /. |
| 260 ## - PUBLICATION, DISTRIBUTION, ETC. (IMPRINT) | |
| Place of publication, distribution, etc | London : |
| Name of publisher, distributor, etc | Arcturus, |
| Date of publication, distribution, etc | 2007. |
| 300 ## - PHYSICAL DESCRIPTION | |
| Extent | 1 v. p. : ill. ; cm. |
| 650 ## - SUBJECT ADDED ENTRY--TOPICAL TERM | |
| Topical term or geographic name as entry element | Pirates |
| General subdivision | Juvenile literature. |
| Withdrawn status | Lost status | Damaged status | Use restrictions | Home library | Current library | Shelving location | Date acquired | Source of acquisition | Total Checkouts | Full call number | Barcode | Date last seen | Price effective from | Koha item type |
|---|---|---|---|---|---|---|---|---|---|---|---|---|---|---|
| Munich Library | Munich Library | Main Section | 07/19/2004 | M 364.1 H24 2007 | M1861 | 04/14/2014 | 04/14/2014 | Books |